| 000 | 00463cam a2200193ua 4500 | ||
|---|---|---|---|
| 001 | 8171 | ||
| 008 | 150110n ii |||gr||||Z||||||hin | ||
| 040 | _cMAIN | ||
| 041 | _ahin | ||
| 082 | _a891.433 | ||
| 100 |
_aBasu, S., _eAuthor. |
||
| 245 |
_aAppni-appni bhumika _cBy Samresh Basu |
||
| 250 | _a1st. | ||
| 260 |
_aVaranasi: _bSanjay, _c1984. |
||
| 300 | _a200p. | ||
| 653 | _aEast Indo-European & Celtic literatures | ||
| 653 | _aHindi novels | ||
| 942 | _cBK | ||
| 999 |
_c7286 _d7286 |
||